000 00446nam a22001811a 4500
001 19053
003 OSt
005 20260204212435.0
008 190220s2016||||spa||||||b||||||||||spa||
020 _a9788494543807
082 _a813.33 H399s
100 _aHawthorne, Nathaniel
245 _aThe scarlet letter/Nathaniel Hawthorne
264 _aBarcelona:Plutón
300 _a221 p
650 _aLiteratura estadounidenseÌ
942 _2ddc
_cBK
999 _c19053
_d19053